Tilastot visalle Etelä-Amerikan pääkaupungit

Klikkaa tästä pelataksesi tätä visaa!

Yleistilastot

  • Tätä visaa on pelattu 268 kertaa
  • Keskiarvotulos 9 / 12

Vastaustilastot

ValtioPääkaupunki% Oikein
BrasiliaBrasília
97%
PeruLima
94%
ArgentiinaBuenos Aires
91%
ChileSantiago de Chile
78%
KolumbiaBogotá
78%
UruguayMontevideo
75%
VenezuelaCaracas
69%
BoliviaLa Paz tai Sucre
68%
EcuadorQuito
66%
ParaguayAsunción
56%
GuyanaGeorgetown
47%
SurinameParamaribo
47%

Tulosjakauma

Persentiili vastausten määrän mukaan

Jokaisen tuloksen saaneiden osuus

Tuloshistoriasi

Et ole pelannut tätä visaa